[Event "FRA-ch Universities 2019"]
[Site "Paris"]
[Date "2019.02.02"]
[Round "5"]
[White "Eden, James"]
[Black "Sochacki, Christophe"]
[Result "0-1"]
[WhiteElo "2338"]
[BlackElo "2482"]
[Annotator "TA"]
[PlyCount "70"]
[EventDate "2019.02.01"]
[EventType "swiss"]
[EventCountry "FRA"]
[SourceTitle "playchess.com"]
[Source "ChessBase"]
[SourceQuality "1"]

{[%evp 21,70,43,34,2,12,4,5,0,18,17,46,46,46,46,50,39,82,27,28,28,27,29,20,10,19,7,20,21,22,12,102,115,101,116,109,106,114,94,204,184,180,187,277,271,282,-181,-181,-181,-175,-1814,-1766]} 1. e4 c5 2. Nf3 e6 3. c3 Nf6 4. e5 Nd5 5. d4 cxd4 6. cxd4 d6 7. Bc4 Nc6 8. O-O Be7 9. Qe2 Nb6 10. Bb3 O-O 11. Nc3 {[%cal Bb1c3,Bc3e4,Be4g3][%mdl 32]} Bd7 {LiveBook: 7 Games. B22: Sicilian: 2 c3} (11... dxe5 12. dxe5 Nd4 13. Nxd4 Qxd4 14. Rd1 Qc5 15. Bf4 Bd7 16. Ne4 Qb4 17. Bg3 Bc6 18. Nd6 Bxd6 19. exd6 {1-0 (68) Kaidanov,G (2587)-Flores,D (2598) Mar del Plata 2012}) 12. Ne4 d5 $146 ({Predecessor:} 12... dxe5 13. dxe5 Nb4 14. a3 N4d5 15. Bg5 h6 16. Bd2 a5 17. Bc2 Bc6 18. Qd3 Nd7 19. Neg5 {1-0 (38) Congiu,M (2149)-Zoubeir,A (2243) Cannes 2010}) 13. Ng3 Rc8 {The position is equal.} 14. Nh5 a6 15. Qe3 f5 16. exf6 $1 Bxf6 17. Nxf6+ Qxf6 18. Bd2 a5 19. a3 (19. Ne5 $16) 19... a4 $11 20. Ba2 Nc4 21. Bxc4 dxc4 22. Qe4 Qf5 23. Rfe1 h6 24. Bc3 Rf7 25. Rad1 $36 {[%mdl 2048] White has good play.} g5 (25... Ne7 $11 {remains equal.}) 26. d5 $16 Qxe4 27. Rxe4 exd5 28. Rxd5 Bf5 29. Re3 Rcf8 {[#]} (29... Rd8 $16 30. Rxd8+ Nxd8) 30. h4 $1 $18 g4 {[#]} 31. Nd2 $1 Bd3 (31... Re7 $142 32. Nxc4 Rxe3 33. Nxe3 Be6) 32. Re6 Rxf2 33. Rxd3 $4 {[%mdl 8192]} (33. Rxh6 $18 g3 34. Rg5+ Kf7 35. Rxg3) 33... cxd3 $19 34. Rg6+ Kf7 35. Rf6+ $2 (35. Rxc6 Rxg2+ 36. Kxg2 bxc6 37. h5) 35... Rxf6 {Precision: White = 51%, Black = 48%.} 0-1

[Event "FRA-ch Universities 2019"]
[Site "Paris"]
[Date "2019.02.02"]
[Round "5"]
[White "Graca, Robert"]
[Black "Thiercelin, Jerome"]
[Result "1/2-1/2"]
[WhiteElo "2270"]
[BlackElo "2009"]
[Annotator "TA"]
[PlyCount "68"]
[EventDate "2019.02.01"]
[EventType "swiss"]
[EventCountry "FRA"]
[SourceTitle "playchess.com"]
[Source "ChessBase"]
[SourceQuality "1"]

{[%evp 12,68,43,44,77,77,68,74,148,137,131,129,150,128,130,124,188,120,812,805,818,799,772,264,244,253,249,213,221,210,204,208,202,179,207,193,216,198,213,206,235,234,283,289,283,270,365,349,458,451,440,432,495,493,487,491,599,537,749]} 1. Nf3 c5 2. c4 Nc6 3. d4 cxd4 4. Nxd4 Nf6 5. Nc3 e6 6. g3 d5 {A33: Symmetrical English: 2 Nf3 Nf6 3 d4 cxd4 4 Nxd4 e6 5 Nc3 Nc6} (6... Qb6 7. Ndb5 Ne5 8. Qa4 Nfg4 9. e3 a6 10. Be2 h5 11. h3 Nf6 12. O-O g5 13. b4 Rb8 14. c5 axb5 15. Qd1 Qc6 16. Bxb5 {0-1 (25) Inarkiev,E (2693)-Indjic,A (2620) St Petersburg 2018}) 7. Bg2 {LiveBook: 12 Games} Nxd4 8. Qxd4 {[%cal Rc4d5]} dxc4 {White is better.} 9. Qxc4 a6 (9... Bd7 $142) 10. O-O Bd6 11. Rd1 $146 {[#] aiming for Bf4.} ({Predecessor:} 11. Bg5 Qc7 12. Qh4 Be7 13. Rac1 Qb6 14. Na4 Qa5 15. b3 h6 16. Be3 {1-0 (31) Meszaros,I-Tochtermann,G Bad Wildbad 1993}) 11... Qc7 12. Qd3 Be7 13. Bf4 $36 {[%mdl 2048] White is on the roll.} Qa5 (13... e5 $16 {was worth a try.}) 14. Bd6 ({White should play} 14. Qd2 $18) 14... Bxd6 $4 {[%mdl 8192] [#]} (14... Qd8 $16 15. Ne4 Nxe4 16. Bxe4 Bxd6) 15. Qxd6 $18 Bd7 16. Bxb7 Rd8 17. Qxa6 $2 (17. b4 Qf5 18. Bc6) 17... Qxa6 18. Bxa6 Ke7 19. Rd2 Ra8 20. Bb7 Ra7 21. Bf3 Rb8 22. Kf1 Ne8 23. Rad1 Rb6 24. Ke1 Nd6 25. b3 Nf5 26. e3 Bc6 27. Bxc6 Rxc6 28. Nb5 Ra5 29. a4 Rb6 30. Rd7+ {White is clearly winning.} Kf6 31. Rc7 Raa6 32. Rdd7 Nh6 33. Kd2 Ke5 34. Kd3 g6 {[%mdl 32768] Precision: White = 63%, Black = 33%. . An unexpected result.} 1/2-1/2

[Event "FRA-ch Universities 2019"]
[Site "Paris"]
[Date "2019.02.02"]
[Round "5"]
[White "Dobrocmyslov, Artem"]
[Black "Ludwiczak, Virginie"]
[Result "1-0"]
[WhiteElo "2262"]
[BlackElo "1848"]
[Annotator "TA"]
[PlyCount "127"]
[EventDate "2019.02.01"]
[EventType "swiss"]
[EventCountry "FRA"]
[SourceTitle "playchess.com"]
[Source "ChessBase"]
[SourceQuality "1"]

{[%evp 11,127,44,58,0,6,8,33,19,28,34,95,96,85,89,126,48,134,133,204,211,292,292,300,297,275,298,516,622,667,432,523,512,503,498,662,687,687,672,656,649,786,793,812,698,1180,935,1067,1064,1321,1290,1088,960,894,628,604,575,583,539,534,533,584,576,613,578,643,627,583,509,510,522,524,483,631,625,721,712,1129,712,712,712,931,926,940,934,924,921,2666,2283,29971,29969,29966,29964,6228,5697,2221,1781,29981,29982,29982,29983,29984,29985,29985,29986,29988,29987,29987,29986,29988,29989,29989,29988,29988,29989,29993,29992,29992,29992]} 1. d4 d5 (1... Nf6 2. c4 e6 3. Nf3 {½-½ (94) Tomaszewski,K (2259)-Akash Pc,I (2441) London 2018}) 2. Nf3 $146 ({Predecessor:} 2. Bf4 Nf6 3. e3 e6 4. c4 c6 5. Nc3 Nbd7 {1-0 (32) Stahlberg,D (2023)-Gligorijevic,B (1873) Paracin 2015}) 2... Nf6 3. c4 e6 4. Nc3 Nbd7 {[%cal Bb8d7,Bd7f6,Bf6e4][%mdl 32]} 5. Bf4 c6 6. e3 Qa5 7. c5 {D37: Queen's Gambit Declined: 5 Bf4} (7. Nd2 $14) (7. Nd2 Bb4 8. Qc2 O-O 9. Rc1 Re8 10. a3 Bf8 11. Be2 Qd8 12. cxd5 exd5 13. O-O Nb6 14. b4 Bg4 15. Bd3 {½-½ (94) Tomaszewski,K (2259)-Akash Pc,I (2441) London 2018}) ({Predecessor:} 7. a3 Ne4 {1-0 (32) Stahlberg,D (2023)-Gligorijevic,B (1873) Paracin 2015}) 7... Ne4 8. a3 Ndf6 ({Predecessor:} 8... Nxc3 9. Qd2 b6 10. b4 Qa4 11. Qxc3 b5 12. Bd3 Nf6 13. Nd2 Bd7 14. O-O Be7 {1-0 (32) Stahlberg,D (2023)-Gligorijevic,B (1873) Paracin 2015}) 9. Qc2 {White is slightly better.} Nxc3 10. b4 Qa4 ({Better is} 10... Qd8 $1 $14 11. Qxc3 Ne4) 11. Qxc3 $16 Ne4 12. Qb2 $36 {[%mdl 2048] White is really pushing.} f6 13. h4 (13. Bd3 $16) 13... Bd7 (13... b6 $14) 14. Bd3 a5 (14... Be7 $16 {keeps fighting.} 15. Ng1 a5) 15. O-O $18 Bc8 16. Rfc1 Be7 17. Ne1 g5 18. hxg5 fxg5 $2 (18... Nxg5 19. b5 Kf7 20. bxc6 bxc6 21. Bxg5 fxg5) 19. Be5 Bf6 20. Bc7 O-O 21. f3 Rf7 22. Bh2 ({Less strong is} 22. fxe4 Rxc7 23. e5 Bd8 $16) 22... h5 23. fxe4 g4 24. Bf4 Bd7 25. e5 Bh4 26. g3 Bd8 {[#]} 27. b5 $1 {[%cal Bb4b5,Bb5b6][%mdl 32]} h4 (27... cxb5 28. Bc2) 28. b6 hxg3 29. Kg2 Bh4 30. Qe2 Rg7 31. Rc3 Rf8 32. Bc2 Qb5 33. Qxb5 cxb5 34. Bxg3 Bg5 35. Bd1 Bh6 36. Ra2 Rgf7 37. Rf2 b4 38. axb4 axb4 39. Rcc2 Bxe3 40. Rxf7 Rxf7 41. Bf2 Bg5 42. Bxg4 Rf4 43. Kg3 Re4 44. Bf3 Bh4+ 45. Kg2 Rf4 46. Bxh4 Rxh4 {[#]} 47. c6 $1 Bxc6 {[#]} (47... bxc6 48. b7) 48. Rxc6 $1 b3 (48... bxc6 49. b7) 49. Rc3 Rxd4 50. Rxb3 Rc4 51. Nd3 Kf7 52. Kg3 Ke7 53. Nb4 Kd7 {[#]} 54. Nxd5 $1 {White mates.} exd5 55. Bxd5 {[%mdl 4160] Endgame Double Attack. KRB-KR} Rc5 56. Bxb7 Rxe5 57. Bf3 Re8 58. b7 Rb8 59. Kf4 Rf8+ 60. Ke5 Rb8 61. Bg4+ Kc6 62. Bc8 Kc7 63. Rc3+ Kb6 64. Kd6 {Accuracy: White = 77%, Black = 18%.} 1-0

[Event "FRA-ch Universities 2019"]
[Site "Paris"]
[Date "2019.02.02"]
[Round "5"]
[White "Viers, Emmanuel"]
[Black "Defromont, Benjamin"]
[Result "1-0"]
[WhiteElo "2199"]
[BlackElo "2113"]
[Annotator "NA RC"]
[PlyCount "83"]
[EventDate "2019.02.01"]
[EventType "swiss"]
[EventCountry "FRA"]
[SourceTitle "playchess.com"]
[Source "ChessBase"]
[SourceQuality "1"]
[TimeControl "900+5"]

1. d4 {[%emt 0:00:00]} Nf6 {[%emt 0:00:00]} 2. Nc3 {[%emt 0:00:00]} d5 {[%emt 0:00:02]} 3. Nf3 {[%emt 0:00:00]} c5 {[%emt 0:02:43]} 4. dxc5 {[%emt 0:00:17]} Nc6 {[%emt 0:00:08]} 5. Bf4 {[%emt 0:01:00]} e6 {[%emt 0:00:18]} 6. e4 {[%emt 0:00:48]} Bxc5 {[%emt 0:01:29]} 7. exd5 {[%emt 0:00:36]} exd5 {[%emt 0:00:14]} 8. Be2 {[%emt 0:00:10]} O-O {[%emt 0:00:06]} 9. O-O {[%emt 0:00:02]} Be6 {[%emt 0:01:33]} 10. h3 {[%emt 0:01:33]} Qd7 {[%emt 0:00:07]} 11. Ne5 {[%emt 0:00:51]} Qe7 {[%emt 0:02:06]} 12. Bf3 {[%emt 0:01:07]} Rfd8 {[%emt 0:00:27]} 13. Re1 {[%emt 0:00:15]} Nxe5 {[%emt 0:02:54]} 14. Bxe5 {[%emt 0:00:23]} Ne4 {[%emt 0:00:07]} 15. Bd4 {[%emt 0:04:42]} Nxc3 {[%emt 0:00:11]} 16. bxc3 {[%emt 0:00:39]} Rac8 {[%emt 0:01:06]} 17. Bg4 {[%emt 0:00:11]} Bxd4 {[%emt 0:00:33]} 18. cxd4 {[%emt 0:00:11]} Bxg4 {[%emt 0:00:09]} 19. Qxg4 {[%emt 0:00:04]} Qf6 {[%emt 0:00:20]} 20. Re2 {[%emt 0:00:14]} Qg6 {[%emt 0:00:26]} 21. Qh4 {[%emt 0:02:46]} h6 {[%emt 0:01:01]} 22. Rae1 {[%emt 0:00:03]} Rd7 {[%emt 0:00:24]} 23. Re7 {[%emt 0:00:24]} Rxe7 {[%emt 0:00:08]} 24. Qxe7 {[%emt 0:00:01]} Qc6 {[%emt 0:00:21]} 25. Re2 {[%emt 0:00:11]} a6 {[%emt 0:00:02]} 26. Qb4 {[%emt 0:00:18]} b5 {[%emt 0:00:07]} 27. Qa3 {[%emt 0:00:11]} Qc4 {[%emt 0:00:05]} 28. Rd2 {[%emt 0:00:14]} b4 {[%emt 0:00:01]} 29. Qe3 {[%emt 0:00:03]} Qc3 {[%emt 0:00:05]} 30. Qf4 {[%emt 0:00:08]} a5 {[%emt 0:00:06]} 31. Re2 {[%emt 0:00:01]} Qc7 {[%emt 0:00:10]} 32. Re8+ Kh7 33. Qf5+ {[%emt 0:00:04]} g6 {[%emt 0:00:01]} 34. Qxc8 {[%emt 0:00:01]} Qf4 {[%emt 0:00:03]} 35. Rh8+ {[%emt 0:00:03]} Kg7 {[%emt 0:00:01]} 36. Qf8+ {[%emt 0:00:05]} Kf6 {[%emt 0:00:01]} 37. Qd8+ {[%emt 0:00:05]} Kg7 {[%emt 0:00:04]} 38. Rg8+ {[%emt 0:00:09]} Kh7 {[%emt 0:00:01]} 39. Qb8 {[%emt 0:00:12]} Qxd4 {[%emt 0:00:14]} 40. Re8 {[%emt 0:00:03]} Qd1+ {[%emt 0:00:05]} 41. Kh2 {[%emt 0:00:01]} Qxc2 {[%emt 0:00:02]} 42. Qe5 {[%emt 0:00:01]} 1-0

[Event "FRA-ch Universities 2019"]
[Site "Paris"]
[Date "2019.02.02"]
[Round "5"]
[White "Geronimi, Pierre-Francois"]
[Black "Noir, Mathys"]
[Result "1-0"]
[WhiteElo "2042"]
[BlackElo "1889"]
[Annotator "NA RC"]
[PlyCount "71"]
[EventDate "2019.02.01"]
[EventType "swiss"]
[EventCountry "FRA"]
[SourceTitle "playchess.com"]
[Source "ChessBase"]
[SourceQuality "1"]
[TimeControl "900+5"]

1. e4 {[%emt 0:00:00]} e6 {[%emt 0:00:00]} 2. Nf3 {[%emt 0:00:00]} d5 {[%emt 0:00:04]} 3. e5 {[%emt 0:00:01]} c5 {[%emt 0:00:10]} 4. b4 {[%emt 0:00:01]} cxb4 {[%emt 0:00:10]} 5. a3 {[%emt 0:00:02]} Nc6 {[%emt 0:00:26]} 6. axb4 {[%emt 0:00:01]} Bxb4 {[%emt 0:00:14]} 7. c3 {[%emt 0:00:01]} Be7 {[%emt 0:00:13]} 8. d4 {[%emt 0:00:01]} Qc7 {[%emt 0:00:30]} 9. Bd3 {[%emt 0:00:26]} f6 {[%emt 0:00:48]} 10. Qe2 {[%emt 0:01:38]} Nh6 {[%emt 0:01:55]} 11. Bxh6 {[%emt 0:00:44]} gxh6 {[%emt 0:00:05]} 12. Qe3 {[%emt 0:01:37]} fxe5 {[%emt 0:00:40]} 13. dxe5 {[%emt 0:00:05]} Bg5 {[%emt 0:01:10]} 14. Nxg5 {[%emt 0:00:06]} hxg5 {[%emt 0:00:05]} 15. Bb5 {[%emt 0:00:05]} h6 {[%emt 0:00:48]} 16. Bxc6+ {[%emt 0:00:17]} bxc6 {[%emt 0:00:10]} 17. h4 {[%emt 0:00:45]} g4 {[%emt 0:00:17]} 18. Ra4 {[%emt 0:01:15]} h5 {[%emt 0:00:34]} 19. O-O {[%emt 0:00:15]} Qe7 {[%emt 0:00:22]} 20. g3 {[%emt 0:00:26]} Rf8 {[%emt 0:00:56]} 21. Nd2 {[%emt 0:00:07]} Rf5 {[%emt 0:00:25]} 22. Nb3 {[%emt 0:02:23]} Qg7 {[%emt 0:01:33]} 23. Re1 {[%emt 0:00:22]} Rf3 {[%emt 0:02:26]} 24. Qc5 {[%emt 0:00:08]} Rb8 {[%emt 0:00:14]} 25. Nd4 {[%emt 0:01:44]} Rf7 {[%emt 0:00:50]} 26. Qd6 {[%emt 0:00:10]} Rb6 {[%emt 0:00:33]} 27. Nxe6 {[%emt 0:01:21]} Bxe6 {[%emt 0:00:15]} 28. Qxe6+ Re7 {[%emt 0:00:13]} 29. Qc8+ {[%emt 0:00:07]} Kf7 {[%emt 0:00:03]} 30. Rf4+ {[%emt 0:00:02]} Kg6 {[%emt 0:00:07]} 31. Qf5+ {[%emt 0:00:04]} Kh6 {[%emt 0:00:02]} 32. e6 {[%emt 0:00:36]} Rbb7 {[%emt 0:00:50]} 33. Re5 {[%emt 0:00:16]} Qg6 {[%emt 0:00:21]} 34. Qf8+ {[%emt 0:00:04]} Kh7 {[%emt 0:00:09]} 35. Rg5 {[%emt 0:00:16]} Qe8 {[%emt 0:00:03]} 36. Qf5+ {[%emt 0:00:08]} 1-0

[Event "FRA-ch Universities 2019"]
[Site "Paris"]
[Date "2019.02.02"]
[Round "5"]
[White "Guillemart, Serge"]
[Black "Porsia, Enzo"]
[Result "1-0"]
[WhiteElo "2023"]
[BlackElo "1752"]
[Annotator "NA RC"]
[PlyCount "67"]
[EventDate "2019.02.01"]
[EventType "swiss"]
[EventCountry "FRA"]
[SourceTitle "playchess.com"]
[Source "ChessBase"]
[SourceQuality "1"]
[TimeControl "900+5"]

1. e4 {[%emt 0:00:00]} e5 {[%emt 0:00:00]} 2. Nf3 {[%emt 0:00:00]} Nc6 {[%emt 0:00:00]} 3. d4 {[%emt 0:00:00]} exd4 {[%emt 0:00:02]} 4. Nxd4 {[%emt 0:00:00]} Bc5 {[%emt 0:00:03]} 5. Be3 {[%emt 0:00:01]} Bb6 {[%emt 0:00:38]} 6. Nf5 {[%emt 0:00:01]} Qf6 {[%emt 0:00:59]} 7. Nc3 {[%emt 0:00:05]} Nge7 {[%emt 0:02:01]} 8. Bxb6 {[%emt 0:00:08]} axb6 9. Ne3 O-O {[%emt 0:00:35]} 10. Be2 {[%emt 0:00:03]} Qg6 {[%emt 0:01:09]} 11. O-O {[%emt 0:00:06]} d6 {[%emt 0:00:38]} 12. f4 {[%emt 0:00:01]} f5 {[%emt 0:01:57]} 13. Bd3 {[%emt 0:00:56]} Bd7 {[%emt 0:02:26]} 14. Rf3 {[%emt 0:00:06]} Qh5 {[%emt 0:00:45]} 15. Be2 {[%emt 0:00:28]} fxe4 {[%emt 0:00:40]} 16. Nxe4 {[%emt 0:00:19]} Qg6 {[%emt 0:00:43]} 17. Ng3 {[%emt 0:00:15]} Kh8 {[%emt 0:00:21]} 18. Bd3 {[%emt 0:00:17]} Qf6 {[%emt 0:00:15]} 19. c3 {[%emt 0:00:26]} d5 {[%emt 0:00:13]} 20. Bc2 {[%emt 0:00:17]} d4 {[%emt 0:00:13]} 21. Qd3 {[%emt 0:00:09]} g6 {[%emt 0:00:15]} 22. Nc4 {[%emt 0:00:16]} dxc3 {[%emt 0:00:17]} 23. bxc3 {[%emt 0:00:02]} Nf5 {[%emt 0:00:27]} 24. Qxd7 {[%emt 0:00:02]} Nh4 {[%emt 0:00:27]} 25. Raf1 {[%emt 0:00:35]} Nxf3+ {[%emt 0:00:07]} 26. Rxf3 {[%emt 0:00:01]} Rxa2 {[%emt 0:00:07]} 27. Ne4 {[%emt 0:00:10]} Qh4 {[%emt 0:00:36]} 28. g3 {[%emt 0:00:13]} Qh5 {[%emt 0:00:14]} 29. Rf2 {[%emt 0:00:22]} Rxc2 {[%emt 0:00:14]} 30. Rxc2 Qf3 {[%emt 0:00:03]} 31. Ng5 {[%emt 0:00:29]} Qh5 {[%emt 0:00:06]} 32. Kg2 {[%emt 0:00:41]} Rd8 {[%emt 0:00:40]} 33. Nf7+ {[%emt 0:00:07]} Kg8 {[%emt 0:00:02]} 34. Nxd8 {[%emt 0:00:04]} 1-0

[Event "FRA-ch Universities 2019"]
[Site "Paris"]
[Date "2019.02.02"]
[Round "5"]
[White "Brunier, Jules"]
[Black "Cahen, Alexis"]
[Result "1-0"]
[WhiteElo "2015"]
[BlackElo "2109"]
[Annotator "NA RC"]
[PlyCount "79"]
[EventDate "2019.02.01"]
[EventType "swiss"]
[EventCountry "FRA"]
[SourceTitle "playchess.com"]
[Source "ChessBase"]
[SourceQuality "1"]
[TimeControl "900+5"]

1. e4 {[%emt 0:00:01]} c5 {[%emt 0:00:00]} 2. Nf3 {[%emt 0:00:02]} d6 {[%emt 0:00:00]} 3. d4 {[%emt 0:00:02]} cxd4 {[%emt 0:00:02]} 4. Nxd4 {[%emt 0:00:02]} Nf6 {[%emt 0:00:02]} 5. Nc3 {[%emt 0:00:03]} g6 {[%emt 0:00:01]} 6. Be2 {[%emt 0:00:09]} Nc6 {[%emt 0:00:04]} 7. O-O {[%emt 0:00:14]} Bg7 {[%emt 0:00:06]} 8. Be3 {[%emt 0:00:06]} O-O {[%emt 0:00:04]} 9. Kh1 {[%emt 0:00:29]} Bd7 {[%emt 0:00:38]} 10. f4 {[%emt 0:00:10]} Rc8 {[%emt 0:00:11]} 11. Bf3 {[%emt 0:00:21]} Na5 {[%emt 0:01:08]} 12. Be2 {[%emt 0:03:39]} Nc4 {[%emt 0:00:17]} 13. Bxc4 {[%emt 0:00:06]} Rxc4 {[%emt 0:00:06]} 14. Qd3 {[%emt 0:00:29]} Ng4 {[%emt 0:01:11]} 15. Bg1 {[%emt 0:00:16]} Rc8 {[%emt 0:00:59]} 16. h3 {[%emt 0:00:36]} Nf6 {[%emt 0:00:08]} 17. e5 {[%emt 0:00:24]} dxe5 {[%emt 0:00:57]} 18. fxe5 {[%emt 0:00:02]} Ne8 {[%emt 0:01:45]} 19. Rae1 {[%emt 0:00:19]} Nc7 {[%emt 0:00:08]} 20. Qe4 {[%emt 0:01:01]} Ne6 {[%emt 0:00:34]} 21. Qxb7 {[%emt 0:03:15]} Rb8 {[%emt 0:01:06]} 22. Qxa7 {[%emt 0:00:09]} Rxb2 {[%emt 0:00:20]} 23. Rd1 {[%emt 0:00:17]} Qe8 {[%emt 0:02:03]} 24. Qa3 {[%emt 0:01:55]} Rb7 {[%emt 0:01:08]} 25. Rfe1 {[%emt 0:00:11]} Nxd4 {[%emt 0:00:40]} 26. Bxd4 {[%emt 0:00:08]} Be6 {[%emt 0:00:06]} 27. Bc5 {[%emt 0:00:25]} Qc6 {[%emt 0:00:08]} 28. Bxe7 {[%emt 0:00:56]} Bxh3 {[%emt 0:00:02]} 29. Ne4 {[%emt 0:00:01]} Re8 {[%emt 0:00:53]} 30. Bf6 {[%emt 0:00:29]} Bf5 {[%emt 0:00:48]} 31. Nd6 {[%emt 0:00:09]} Bxf6 {[%emt 0:00:15]} 32. exf6 {[%emt 0:00:23]} Rxe1+ {[%emt 0:00:36]} 33. Rxe1 {[%emt 0:00:01]} Rb8 {[%emt 0:00:16]} 34. Nxf7 {[%emt 0:00:42]} Re8 {[%emt 0:00:35]} 35. Nh6+ {[%emt 0:00:12]} Kh8 {[%emt 0:00:01]} 36. Rxe8+ {[%emt 0:00:07]} Qxe8 {[%emt 0:00:01]} 37. Qe7 {[%emt 0:00:01]} Qxe7 {[%emt 0:00:06]} 38. fxe7 {[%emt 0:00:02]} Bd7 {[%emt 0:00:00]} 39. Nf7+ {[%emt 0:00:06]} Kg7 {[%emt 0:00:05]} 40. Nd6 {[%emt 0:00:01]} 1-0

[Event "FRA-ch Universities 2019"]
[Site "Paris"]
[Date "2019.02.02"]
[Round "5"]
[White "Brion, Marwan"]
[Black "Dumas, Charles"]
[Result "0-1"]
[WhiteElo "1937"]
[BlackElo "2218"]
[Annotator "TA"]
[PlyCount "72"]
[EventDate "2019.02.01"]
[EventType "swiss"]
[EventCountry "FRA"]
[SourceTitle "playchess.com"]
[Source "ChessBase"]
[SourceQuality "1"]

{[%evp 12,72,-2,-3,9,-10,-6,-36,-37,-36,-33,-75,-85,-67,0,-42,6,9,18,20,23,19,60,59,64,22,43,36,37,39,33,31,52,61,97,31,50,-197,-181,-185,-174,-205,-151,-180,-119,-665,-657,-620,-600,-702,-663,-1506,-1308,-1356,0,0,0,-5310,-5297,-29990,-29991,-29991,-29987]} 1. e4 c5 2. Nc3 Nc6 (2... g6 3. f4 Bg7 4. Nf3 {1-0 (58) Alekseenko,K (2639)-Straka,V (2393) Czech Republic 2018}) 3. f4 g6 4. Nf3 Bg7 5. Bb5 Nd4 6. Nxd4 $146 ({Predecessor:} 6. O-O Nh6 7. Nxd4 cxd4 {½-½ (49) Bugalski,M (2204)-Jakubiec,A (2538) Polanica Zdroj 2005}) 6... cxd4 7. Ne2 Nh6 {B23: Closed Sicilian: Lines without g3} (7... Qb6 8. Bc4 d6 9. d3 Nf6 10. O-O O-O 11. Bb3 a5 12. a4 Nxe4 13. dxe4 d3+ 14. Kh1 dxe2 15. Qxe2 Be6 16. Bxe6 fxe6 {1-0 (58) Alekseenko,K (2639)-Straka,V (2393) Czech Republic 2018}) 8. O-O O-O 9. Kh1 d5 {Black is slightly better.} 10. e5 Qb6 ({Predecessor:} 10... f6 11. Nxd4 fxe5 12. fxe5 Ng4 13. Nf3 Qb6 14. Qe2 Nxe5 15. Nxe5 Rxf1+ 16. Qxf1 Bxe5 {½-½ (49) Bugalski,M (2204)-Jakubiec,A (2538) Polanica Zdroj 2005}) 11. Bd3 f6 12. exf6 Bxf6 (12... Qxf6 $15 13. Ng3 Qd6) 13. c3 dxc3 14. dxc3 Nf5 15. Bxf5 Bxf5 16. Qxd5+ Kh8 17. Ng3 Rad8 18. Qf3 Bd3 19. Re1 Bc4 20. Qe3 Qc6 21. Qxa7 Bd5 {[#] Threatens to win with ...b6.} 22. Qf2 Bh4 23. Be3 ({Better is} 23. b3 $16) 23... e5 $1 $14 24. Qe2 $2 (24. c4 $14 {stays ahead.} Be6 25. b3) 24... exf4 $19 25. Bd4+ Kg8 26. Qg4 Bxg2+ ({Worse is} 26... fxg3 27. Qxh4 Bxg2+ 28. Kg1 $14) 27. Kg1 Bf6 (27... Rxd4 $19 28. cxd4 Bd8) 28. Re6 $2 {[%mdl 8192]} (28. Bxf6 $17 Rxf6 29. Nh5) 28... Bxd4+ 29. cxd4 Qd5 30. Rxg6+ Kh8 ({Inferior is} 30... hxg6 31. Qxg6+ Kh8 32. Qh6+ Kg8 33. Qg6+ Kh8 34. Qh6+ Kg8 35. Qg6+ $11) 31. Rg5 Qxd4+ {[%mdl 64] [#] Double Attack} 32. Kxg2 Qd2+ $2 $40 {[%mdl 128] Black has some attack.} (32... Qxb2+ $19 33. Kh3 Qxa1) 33. Kh3 fxg3 34. Qxg3 $2 {[%mdl 8192]} (34. hxg3 $11 Rf6 35. Rh5) 34... Rd3 35. Kh4 Rxg3 36. hxg3 Rf2 {Accuracy: White = 25%, Black = 50%.} 0-1